<?xml version="1.0" encoding="UTF-8"?>
<collection xmlns:xsi="http://www.w3.org/2001/XMLSchema-instance" xsi:schemaLocation="http://www.loc.gov/MARC21/slim http://www.loc.gov/standards/marcxml/schema/MARC21slim.xsd" xmlns="http://www.loc.gov/MARC21/slim">
 <record>
  <leader>00000nam a22000008i 4500</leader>
  <controlfield tag="001">UP-1685675941131288605</controlfield>
  <controlfield tag="003">Buklod</controlfield>
  <controlfield tag="005">20240105094929.0</controlfield>
  <controlfield tag="006">m     o  u        </controlfield>
  <controlfield tag="007">cr |||||||||||</controlfield>
  <controlfield tag="008">240105s2022    nju     r   b|001 0|eng d</controlfield>
  <datafield tag="010" ind1=" " ind2=" ">
   <subfield code="a">2021016494</subfield>
  </datafield>
  <datafield tag="020" ind1=" " ind2=" ">
   <subfield code="a">9781292405100 (ebook)</subfield>
  </datafield>
  <datafield tag="035" ind1=" " ind2=" ">
   <subfield code="a">22019401</subfield>
  </datafield>
  <datafield tag="040" ind1="0" ind2=" ">
   <subfield code="a">DLC</subfield>
   <subfield code="b">eng</subfield>
   <subfield code="e">rda</subfield>
   <subfield code="c">DLC</subfield>
   <subfield code="d">BAG</subfield>
  </datafield>
  <datafield tag="041" ind1="0" ind2=" ">
   <subfield code="a">eng</subfield>
  </datafield>
  <datafield tag="090" ind1="0" ind2="0">
   <subfield code="a">GRC-ebook</subfield>
  </datafield>
  <datafield tag="100" ind1="1" ind2=" ">
   <subfield code="a">Kotler, Philip</subfield>
   <subfield code="e">author.</subfield>
  </datafield>
  <datafield tag="245" ind1="1" ind2="0">
   <subfield code="a">Marketing management</subfield>
   <subfield code="c">Philip Kotler, Kevin Lane Keller, [and] Alexander Chernev.</subfield>
  </datafield>
  <datafield tag="250" ind1=" " ind2=" ">
   <subfield code="a">Sixteenth edition.</subfield>
  </datafield>
  <datafield tag="264" ind1=" " ind2="1">
   <subfield code="a">Hoboken, N.J.</subfield>
   <subfield code="b">Pearson Education</subfield>
   <subfield code="c">[2022]</subfield>
  </datafield>
  <datafield tag="300" ind1=" " ind2=" ">
   <subfield code="a">1 online resource</subfield>
  </datafield>
  <datafield tag="336" ind1=" " ind2=" ">
   <subfield code="a">text</subfield>
   <subfield code="b">txt</subfield>
   <subfield code="2">rdacontent</subfield>
  </datafield>
  <datafield tag="337" ind1=" " ind2=" ">
   <subfield code="a">computer</subfield>
   <subfield code="2">rdamedia</subfield>
  </datafield>
  <datafield tag="338" ind1=" " ind2=" ">
   <subfield code="a">online resource</subfield>
   <subfield code="b">nc</subfield>
   <subfield code="2">rdacarrier</subfield>
  </datafield>
  <datafield tag="504" ind1=" " ind2=" ">
   <subfield code="a">Includes bibliographical references and index.</subfield>
  </datafield>
  <datafield tag="520" ind1="0" ind2=" ">
   <subfield code="a">&quot;The 16th edition of Marketing Management builds on the classic examples, core concepts, and logical structure that made the first edition a landmark text. Much has changed since the 15th edition was published. Ongoing globalization; the increasing role of corporate social responsibility; advances in technology, e-commerce, and digital communication; the growing impact of social media, and the widespread use of data analytics, marketing automation, and artificial intelligence have disrupted many industries and have opened doors to new business models. Responding to these changes, the 16th edition was redesigned from the ground up to provide managers with the tools necessary to succeed in the new market environment. The 16th edition builds on the fundamental strengths of past editions that distinguish Marketing Management from all other marketing management texts: - Managerial orientation. The book focuses on the major decisions that marketing managers and top management face in their efforts to harmonize the organization's objectives, capabilities, and resources with marketplace needs and opportunities. - Analytical approach. The text presents conceptual tools and frameworks for analyzing recurring problems in marketing management. Cases and examples illustrate effective marketing principles, strategies, and practices. - Multidisciplinary perspective. Marketing Management draws on the rich findings of various scientific disciplines-such as economics, behavioral science, and management theory-for fundamental concepts and tools that are directly applicable to marketing challenges. - Universal applications. The book applies strategic thinking to the complete spectrum of marketing: products, services, persons, places, information, ideas, and causes; consumer and business markets; profit and nonprofit organizations; domestic and foreign companies; small and large firms; manufacturing and intermediary businesses; and low- and high-tech industries. - Comprehensive and balanced coverage. Marketing Management covers the topics a manager must understand in order to design and execute a successful marketing campaign&quot;--</subfield>
   <subfield code="c">Provided by publisher.</subfield>
  </datafield>
  <datafield tag="650" ind1="0" ind2="0">
   <subfield code="a">Marketing</subfield>
   <subfield code="x">Management.</subfield>
  </datafield>
  <datafield tag="700" ind1="1" ind2=" ">
   <subfield code="a">Chernev, Alexander</subfield>
   <subfield code="e">author.</subfield>
  </datafield>
  <datafield tag="700" ind1="1" ind2=" ">
   <subfield code="a">Keller, Kevin Lane</subfield>
   <subfield code="d">1956- </subfield>
   <subfield code="e">author.</subfield>
  </datafield>
  <datafield tag="856" ind1="0" ind2="0">
   <subfield code="a">Available for University of the Philippines Baguio via Institute of Management</subfield>
   <subfield code="y">Click here to access</subfield>
   <subfield code="u">https://upsystem-my.sharepoint.com/:b:/g/personal/grc_upbaguio_outlook_up_edu_ph/EQ9gIgXpFCZIhmJh4vf9h-EB8LL7efQqIy0Lp6k45FMfug?e=BTBxmQ</subfield>
  </datafield>
  <datafield tag="905" ind1=" " ind2=" ">
   <subfield code="a">FO</subfield>
  </datafield>
  <datafield tag="852" ind1="0" ind2=" ">
   <subfield code="a">UPBAG</subfield>
   <subfield code="b">GRC</subfield>
   <subfield code="h">GRC-EBOOK</subfield>
  </datafield>
  <datafield tag="942" ind1=" " ind2=" ">
   <subfield code="a">Book</subfield>
  </datafield>
 </record>
</collection>
